| 000 | 01313nam a2200229Ia 4500 | ||
|---|---|---|---|
| 003 | Ost | ||
| 005 | 20260507075656.0 | ||
| 008 | 260507s9999||||xx |||||||||||||| ||und|| | ||
| 040 | _cfsecg | ||
| 041 | _aara | ||
| 082 | _a658.8 | ||
| 100 |
_aعبيدات، محمد ابراهيم _eمؤلف |
||
| 245 | 0 |
_aأساسيات التسعير في التسويق المعاصر : _bمدخل سلوكى / _c محمد ابراهيم عبيدات |
|
| 250 | _aطبعة 2 | ||
| 260 |
_aعمان: _bدار المسيرة, _c2004 |
||
| 300 |
_a238 صفحة؛ _bإيضاحات ؛ _c24 سم |
||
| 504 | _aالمراجع ص.238 | ||
| 520 | _aمقدمة في التسعير/ تأثير البيئة الاقتصادية في عملية التسعير، حسب الدورة الاقتصادية ودورة حياة السلعة، تسعير سلع المستهلك النهائي والصناعي والخدمات (الاعتبارات والمتطلبات)، التسعير الدولي، دور الدراسات والبحوث في عملية التسعير، التسعير بين المفهومين الاسلامي والرأسمالي، التسعير على الانترنيت، حالات عملية في التسعير. | ||
| 653 | _aأدارة المبيعات | ||
| 653 | _aالتسويق | ||
| 942 | _cكتاب | ||
| 999 |
_c45701 _d45701 |
||